Statistics for Portuguese Farm Animals Vocabulary

Click here to take the quiz!

General Stats

  • This quiz has been taken 207 times
    (178 since last reset)
  • The average score is 11 of 18

Answer Stats

HintAnswer% Correct
catgato
98%
dogcão
92%
ratrato
84%
chickengalinha
83%
cowvaca
83%
horsecavalo
81%
pigporco
79%
rabbitcoelho
66%
donkeyburro
60%
goatcabra
58%
hengalinha
58%
sheepovelha
53%
roostergalo
52%
bulltouro
41%
oxboi
37%
lambcordeiro
37%
chickpinto
27%
mousecamundongo
20%

Score Distribution

Percentile by Number Answered

Percent of People with Each Score

Your Score History

You have not taken this quiz since the last reset